| 000 | 00448nam a2200157 i 4500 | ||
|---|---|---|---|
| 001 | bg | ||
| 100 | 1 | _aBATSCH, Adam | |
| 245 | 0 |
_aDynamiczne własności hydraulicznych układów kopiujących stosowanych w obrabiarkach / _cAdam Batsch. |
|
| 260 |
_aRzeszów : _bWydawnictwa Uczelniane WSI, _c1973. |
||
| 650 | 9 | _aObrabiarki | |
| 040 | _cBPK | ||
| 041 | _apol | ||
| 080 | _a621.9:62-5 | ||
| 942 | _cKS | ||
| 008 | s pl f |000 0 pol | ||
| 999 |
_c15833 _d15833 |
||
| 856 |
_uhttp://koha.tu.koszalin.pl/cgi-bin/koha/opac-detail.pl?biblionumber=15833 _yKatalog online BPK |
||